| 000 | 01151nam a2200289 i 4500 | ||
|---|---|---|---|
| 001 | 104991 | ||
| 003 | ES-MaACL | ||
| 005 | 20250221135143.0 | ||
| 007 | t| | ||
| 008 | 060601s1965 sp ||||1| spa d | ||
| 080 | _a75 Urbani, Ildebrando (083.82) | ||
| 100 | 1 |
_aUrbani, Ildebrando. _9112069 |
|
| 245 | 1 | 0 |
_aIldebrando Urbani _b: [exposición, Sala del Prado del Ateneo de Madrid, junio de 1965] / _c[Texto: Marqués de Loyoza]. |
| 260 |
_a[Madrid] : _bPublicaciones Españolas, _c[1965] |
||
| 300 |
_a[12] p. : _bil. ; _c23 cm. |
||
| 490 | 1 |
_aCuadernos de arte. Serie divulgación ; _v26 |
|
| 600 | 0 | 4 |
_aUrbani, Ildebrando _9112069 |
| 610 | 2 | 7 |
_aAteneo de Madrid- _vExposiciones- _y1960-1969. _91920 |
| 655 | 7 |
_2tgfbne _9193628 _aCatálogos de exposiciones |
|
| 700 | 1 |
_aLozoya, Juan de Contreras y López de Ayala, _cMarqués de, _d1893-1978 _9129112 |
|
| 710 | 2 |
_aAteneo de Madrid. _bSala del Prado. _91965 |
|
| 830 | 0 |
_aCuadernos de arte. Serie divulgación ; _v26 _9184876 |
|
| 852 |
_aES-MaACL _j2204-F-14 _9108917 _bR.137525 _cDEPOF |
||
| 852 |
_aES-MaACL _jF-10824(3). |
||
| 942 |
_2udc _cFOLLETOS |
||
| 999 |
_c104991 _d104991 |
||